ბათუმის შოთა რუსთაველის სახელმწიფო უნივერსიტეტის ბიბლიოთეკა

მოქმედების კომუნიკატიური თეორიის წინასწარი მონახაზები და დამატებები / (ბიბ.ჩანაწერი № 38531)

000 -ლიდერი
ფიქსირებული სიგრძის საკონტროლო ველი 01291nam a2200229Ia 4500
001 - საკონტროლო ნომერი
საკონტროლო ველი 4632
003 - საკონტროლო ნომრის იდენტიფიკატორი
საკონტროლო ველი GE_BSU
005 - ბოლო ოპერაციის თარიღი და დრო
საკონტროლო ველი 20190510151057.0
008 - ფიქსირებული სიგრძის მონაცემთა ელემენტები - ზოგადი ინფორმაცია
ფიქსირებული სიგრძის საკონტროლო ველი 181216s2003||||ge |||||||||||||| ||geo||
020 ## - წიგნის საერთაშორისო სტანდარტული ნომერი
International Standard Book Number 9992846798
040 ## - კატალოგიზაციის წყარო
Transcribing agency GE_BSU
041 ## - ენის კოდი
Language code of text/sound track or separate title geo
080 ## - უნივერსალური ათობითი კლასიფიკაციის ინდექსი
Universal Decimal Classification number 36.1 ჰ–13
100 ## - მთავარი ჩანაწერი - პიროვნების სახელი
Personal name ჰაბერმასი, იურგენ
9 (RLIN) 962
245 ## - ცნობა სათაურის შესახებ
Title მოქმედების კომუნიკატიური თეორიის წინასწარი მონახაზები და დამატებები /
Statement of responsibility, etc იურგენ ჰაბერმასი ; თარგმნა : გიორგი ბარამიძემ ; რედ : გურამ თევზაძე
264 ## - წარმოების, გამოცემის, დისტრიბუციის და სხვა ცნობები
გამოცემის, წარმოების, დისტრიბუციის... ადგილი ქუთაისი .:
გამოცემის, წარმოების, დისტრიბუციის... სახელწოდება საგამომცემლო ცენტრი,
გამოცემის, წარმოების, დისტრიბუციის... თარიღი 2003.
300 ## - ფიზიკური აღწერა
Extent 547გვ . ;
Dimensions 20სმ.
653 ## - INDEX TERM--UNCONTROLLED
Uncontrolled term მოქმედების კომუნიკატიური თეორიის წინასწარი მონახაზები და დამატებები
700 ## - ADDED ENTRY--PERSONAL NAME
Personal name ბარამიძე, გიორგი
Relator term მთარგმნელი
9 (RLIN) 963
700 ## - ADDED ENTRY--PERSONAL NAME
Personal name თევზაძე, გურამ
Relator term რედაქტორი
9 (RLIN) 964
942 ## - ADDED ENTRY ELEMENTS (KOHA)
Koha item type წიგნი
Source of classification or shelving scheme
ეგზემპლარები
ჩამოწერის სტატუსი დაკარგული ეგზემპლარის სტატუსი კლასიფიკაციის წყარო ან თაროზე გაწყობის სქემა დაზიანების სტატუსი არ გაიცემა მუდმივი მდებარეობა (დაცვის ადგილი) ამჟამინდელი ადგილსამყოფელი თაროზე განთავსების ადგილი შეძენის თარიღი სრული შენახვის შიფრი შტრიხკოდი ბოლო ოპერაციის თარიღი ეგზემპლარის მიმდევრობითი ნომერი (კეტერი?) ფასის ძალაში შესვლის თარიღი ეგზემპლარის სახეობა
          ტექნოლოგიური ფაკულტეტის ბიბლიოთეკა ტექნოლოგიური ფაკულტეტის ბიბლიოთეკა წიგნსაცავი 2018-12-17 36.1 ჰ–13 8341 2018-12-17 8341 2018-12-17 წიგნი